000 00918nam a2200301 a 4500
001 vtls000145425
003 NLI
005 20210601212652.0
008 101125s2003 ii a 001 0 eng
020 _a0070533229(pbk)
039 9 _y201011251534
_zVLOAD
040 0 _aNLI
_beng
_cEntertech-FY 2010
_eAACR2
041 0 _aeng
044 _aii
082 0 4 _a005.438
100 1 _aHart-Davis, Guy
_9288489
245 1 0 _aWindows XP professional :
_bthe complete reference /
_cGuy Hart-Davis
260 _aNew Delhi :
_bTata McGraw-Hill Education,
_cc2003
300 _axxxiv, 936 p. :
_bill. ;
_c24 cm.
500 _aIncludes index
650 0 _aOperating systems (Computers)
_91075
650 0 _aMicrosoft Windows (Computer file)
_9186543
887 _a
901 _aDB90854
_b30.12.2003
902 _aE 005.438 H 251
949 _AVIRTUAITEM
_D10000
_X100
_6DBA000090854ENG
942 _2ddc
_cBKS
999 _aVIRTUA40
_c149259
_d149259